| 000 | 03409nkm0a2200541 4500 | ||
|---|---|---|---|
| 001 | RU\NLR\BIBL_A\022633409 | ||
| 005 | 20260319190453.0 | ||
| 035 | _a(NLR Aleph) 022633409 | ||
| 071 | 5 | 0 |
_d1 р. _97000 |
| 090 |
_a88999 _c88999 |
||
| 100 | _a20260322 rusy50 | ||
| 101 | 0 |
_arus _duzb |
|
| 102 | _aRU | ||
| 116 | _aiiycxx bf ad | ||
| 135 | _acrcn 024anaba | ||
| 181 | 0 |
_ab4 _bxb2e |
|
| 182 | 0 | _an | |
| 200 | 1 |
_aНет! Ты не будешь сиротою нищим. Мы не дадим тебе, малыш, страдать. В стране советской ты всегда отыщешь отца заботливого, любящую мать _dУксима хеч кайгурма бола. Сени етим куймаймиз зинхор Чунки совет мамлакатида Сенга гамхур ота - она бор _e[плакат] _fхудожник Г. Карлов _gтекст В. Липко _gредактор С. Соколов |
|
| 203 |
_aИзображение _bнеподвижное _bдвухмерное _bвизуальное _cнепосредственное |
||
| 210 |
_aТашкент _cГосиздат УзССР _d[между 1941 и 1943] _eТашкент _gТиполитография № 2 |
||
| 215 |
_a1 л. _cхромолитогр. _d54х39 |
||
| 300 | _aВ вып. дан.: Заказ № 108 б; р 8394 | ||
| 325 | _aКопия доступна в Электрон. б-ке РНБ | ||
| 327 | 0 | _aНа переднем плане женщина и плачущий ребенок, на заднем плане силуэты бойцов РККА | |
| 510 | 1 |
_aУксима хеч кайгурма бола. Сени етим куймаймиз зинхор Чунки совет мамлакатида Сенга гамхур ота - она бор _zuzb |
|
| 606 | 1 |
_aПлакат русский советский _z1941 - 1945 _2nlr_sh2 _3RU\NLR\AUTH\661423877 |
|
| 606 | 1 |
_aВеликая Отечественная война _z1941 - 1945 _jПлакаты _2nlr_sh1 _2nlr_sh2 _3RU\NLR\AUTH\668893 |
|
| 606 | 1 |
_aДети в Великой Отечественной войне _z1941 - 1945 _jПлакаты _2nlr_sh1 _3RU\NLR\AUTH\66374747 |
|
| 686 | _aЩ153(2Р=Рус)7-466 | ||
| 700 | 1 |
_aКарлов _bГ. Н. _f1905-1991 _gГеоргий Николаевич _3RU\NLR\AUTH\77124423 _4040 |
|
| 702 | 1 |
_aЛипко _bВ. А. _f1912-1980 _gВладимир Александрович _3RU\NLR\AUTH\770284917 _4070 |
|
| 712 | 0 | 2 |
_aГосударственное издательство УзССР _3RU\NLR\AUTH\8810147310 _4650 |
| 712 | 0 | 2 |
_aУзполиграфтрест _cТашкент _bТиполитография _c2 _3RU\NLR\AUTH\880631712 _4610 |
| 852 | 0 | 0 |
_aNLR _bЭ _jПлИр995/5-20 _mЭ029615 |
| 852 | 0 | 0 |
_aNLR _bЭ _jПлИр995/5-20 _mЭ029616 |
| 856 | 0 | _uhttps://vivaldi.nlr.ru/la000070830/view | |
| 856 | 1 | _uhttps://vivaldi.nlr.ru/la000070830/cover | |
| 856 | 2 | _uhttps://vivaldi.nlr.ru/la000070830/text | |
| 942 | _cVISUAL | ||
| 945 | _aРоссийская национальная библиотека | ||
| 980 | _aNB | ||
| 980 | _aBV | ||
| 981 | 1 | 7 |
_a(17) Изографические материалы _b(17) Плакаты |